Biblioteca

1 de diciembre : (Registro nro. 52014)

Detalles MARC
000 -LÍDER
Campo fijo de descripción fija 01049aab a2200193 i 4500
001 - NÚMERO DE CONTROL
Campo de control 768714001
003 - IDENTIFICADOR DEL NÚMERO DE CONTROL
Campo de control CO-MdFUSB
005 - FECHA Y HORA DE LA ULTIMA TRANSACCIÓN
control field 20250729164742.0
008 - ELEMENTOS DE LONGITUD FIJA -- INFORMACIÓN GENERAL
Campo fijo de descripción fija -- Información general 240320t1992 ag ||||| |||| 00| 0 spa d
040 ## - FUENTE DE CATALOGACIÓN
Idioma de catalogación spa
Agencia que realiza la transcripción CO-MdFUSB
041 ## - CÓDIGO DE IDIOMA
Código de idioma para texto/pista de sonido o título separado spa
245 10 - TÍTULO
Título 1 de diciembre :
Subtitulo día mundial del SIDA
300 ## - DESCRIPCIÓN FÍSICA
Extensión Volumen 12, número 4 (octubre - diciembre, 1993), páginas: 13 - 14
Dimensiones ; 27 cm
520 ## - NOTA DE RESUMEN, ETC.
Nota de sumario, etc. El día mundial del SIDA es una fecha en el año acordada por la Organización Mundial de la Salud (OMS) y respaldada por muchas organizaciones estatales y no gubernamentales de 198 países, para llevar a cabo actividades de información, educación y prevención del VIH /SIDA. Se implementó esta celebración en vista del rápido avance de la enfermedad y de la necesidad de hacer un esfuerzo planetario para detener su desarrollo.
653 ## - TÉRMINO DE INDIZACIÓN - NO CONTROLADO
Término no controlado Dia mundial del SIDA
773 0# - ASIENTO DE ITEM FUENTE
Título Iglesia y Misión
Biblionumber 49402
Itemnumber 59656
Parte(s) relacionada(s) / Volumen., número. (mes año), páginas Volumen 12, número 4 (octubre - diciembre, 1993), páginas: 13 - 14
Enumeración y primera página páginas: 13
942 ## - TIPO DE MATERIAL (KOHA)
Tipo de Item KOHA Artículos de Revista
945 ## - INFORMACIÓN LOCAL DEL REGISTRO
Catalogador JTF-925

No hay ítems disponibles.

Biblioteca FUSBC | Teléfono: (57+4) 349 88 10 Ext. 141| WhatsApp (+57) 3005338115 
E-mail: biblioteca@unisbc.edu.co | Calle 76 87-14 Robledo Palenque, Medellín, Colombia

Con tecnología Koha